000
00213nam a2200097Ia 4500
008
220204s9999 xx 000 0 und d
082
_a
82-3
_b
NEW
100
_a
Newman, Andrea
245
0
_a
Evbil streak
942
_c
BK
999
_c
32135
_d
32135